Migrácia pracovných síl a jej ekonomické súvislosti bakalárska práca

Uložené v:
Podrobná bibliografia
Hlavný autor: Bartko, Ján
Korporativný autor: Národohospodárska fakulta EU. Katedra sociálneho rozvoja a práce
Ďalší autori: Rievajová, Eva
Médium: Kniha
Jazyk:Slovak
Vydavateľské údaje: Bratislava 2009
Tagy: Pridať tag
Žiadne tagy, Buďte prvý, kto otaguje tento záznam!

MARC

LEADER 00000nam$a2200000$$$4500
001 0100833
005 20240318140512.1
041 0 |a slo 
044 |a SK 
245 1 0 |a Migrácia pracovných síl a jej ekonomické súvislosti  |b bakalárska práca  |c Ján Bartko ; škol. Eva Rievajová 
264 1 |a Bratislava  |c 2009 
300 |a 49 s. 
100 1 |a Bartko, Ján 
700 1 |a Rievajová, Eva 
710 2 |a Národohospodárska fakulta EU. Katedra sociálneho rozvoja a práce